Największe grupy etniczne azjatycko-amerykańskie - Statystyki

Ogólne statystyki
  • Ten quiz został rozwiązany 8 razy
  • Średni wynik to 7 z 15
Statystyki odpowiedzi
# mieszkańcy Odpowiedź % Poprawnych
5 549 293 Chińczycy łącznie z Tajwańczykami
100%
4 797 210 Hindusi
71%
161 807 Indonezyjczycy
71%
1 636 634 Japończycy
71%
4 426 904 Filipińczycy
57%
2 288 082 Wietnamczycy
57%
368 609 Hmong
43%
369 562 Khmerzy
43%
1 962 184 Koreańczycy
43%
229 325 Nepalczycy
43%
629 946 Pakistańczycy
43%
319 617 Tajowie
43%
261 885 Bengalczycy
29%
248 822 Bamarowie
14%
248 920 Laotańczycy
14%
Nie znaleziono quizów pasujących do podanych kryteriów
Rozkład punktacji
Procent ludzi z każdym wynikiem
Percentyl według liczby udzielonych odpowiedzi
Twoja historia wyników
Nie rozwiązałeś tego quizu